000 00439pab a2200157 454500
008 180718b2002 xxu||||| |||| 00| 0 eng d
100 _aSmith, Michael R.
245 _aIncome inequality and economic growth in rich countries: a reconsideration of the evidence
260 _c2002
300 _ap.573-93.
362 _aJul
650 _aIncome distribution
650 _aEconomic growth
773 _aCurrent Sociology
909 _a53391
999 _c53391
_d53391